Reservational justice to other backward classes (OBCs) : (Record no. 133979)

MARC details
000 -LEADER
fixed length control field 00805nam a22002297a 4500
005 - DATE AND TIME OF LATEST TRANSACTION
control field 20170124110218.0
010 ## - LIBRARY OF CONGRESS CONTROL NUMBER
LC control number A-937212
020 ## - INTERNATIONAL STANDARD BOOK NUMBER
Terms of availability 600.00
International Standard Book Number 8171009832
035 ## - SYSTEM CONTROL NUMBER
System control number A-937212
037 ## - SOURCE OF ACQUISITION
Source of stock number/acquisition Cen Lib/Ret
040 ## - CATALOGING SOURCE
Original cataloging agency DPL
Language of cataloging EN
082 ## - DEWEY DECIMAL CLASSIFICATION NUMBER
Classification number 305.56
Item number ANI
100 ## - MAIN ENTRY--PERSONAL NAME
Personal name Anirudh Prasad
9 (RLIN) 39432
245 ## - TITLE STATEMENT
Title Reservational justice to other backward classes (OBCs) :
Statement of responsibility, etc by Anirudh Prasad
Remainder of title theoritical and practical issues /
260 ## - PUBLICATION, DISTRIBUTION, ETC. (IMPRINT)
Place of publication, distribution, etc United State of America
Name of publisher, distributor, etc Deep and deep publications
Date of publication, distribution, etc 1997
270 ## - ADDRESS
City United State of America
Address F-159, Rajouri garden
Postal code 110027
300 ## - PHYSICAL DESCRIPTION
Extent xviii,339p.
Dimensions 24cm(Hb)
500 ## - GENERAL NOTE
General note Includes index
650 ## - SUBJECT ADDED ENTRY--TOPICAL TERM
Topical term or geographic name as entry element Social problem
9 (RLIN) 241
650 ## - SUBJECT ADDED ENTRY--TOPICAL TERM
Topical term or geographic name as entry element People with social disabilities
General subdivision Government policy
9 (RLIN) 39433
942 ## - ADDED ENTRY ELEMENTS (KOHA)
Source of classification or shelving scheme Dewey Decimal Classification
Koha item type English Books
Classification part 305.56
Call number suffix ANI
Holdings
Withdrawn status Lost status Damaged status Not for loan Collection code Home library Current library Date acquired Source of acquisition Cost, normal purchase price Total Checkouts Full call number Barcode Date last seen Copy number Cost, replacement price Price effective from Koha item type
      Not For Loan Reference Central Library Central Library 28/07/2015 Cen Lib/Ret 600.00   305.56 ANI A-937212 28/07/2015 1 600.00 28/07/2015 English Books

© Delhi Public Library
Hit Counter
free hit counter